Statistics for Science Word Parts

Click here to take the quiz!

General Stats

  • This quiz has been taken 320 times
  • The average score is 9 of 17

Answer Stats

HintAnswer% Correct
LifeBio
92%
NotA
82%
The study ofology
82%
WaterHydro
78%
MeatCarni
59%
SameHomo
49%
AllOmni
47%
AirAtmos
45%
SelfAuto
43%
DifferentHetero
43%
LightPhoto
43%
Eat / Eatervore
43%
RockLitho
41%
PlantHerbi
37%
HouseEco
31%
Relating toic
27%
Energy / FoodTroph
24%

Score Distribution

Percentile by Number Answered

Percent of People with Each Score

Your Score History

You have not taken this quiz